A history of comparative anatomy, from Aristotle to the eighteenth century /

Bibliographic Details
Main Author: Cole, F. J. (Francis Joseph), 1872-1959
Format: Book
Language:English
Published: London : Macmillan & co. ltd., 1944.
Subjects:

MARC

Tag First Indicator Second Indicator Subfields
LEADER 00000cam a2200000 4500
001 in00000042655
005 20151007074816.0
008 750811s1944 enkah b 00010deng u
010 |a  45002742  
035 |a (OCoLC)01535861 
035 |9 AAF2134AM 
040 |c FQG  |d CHS  |d TXA  |d UtOrBLW 
049 |a TXAM  |c [140567] 
050 0 0 |a QL805  |b .C65 
092 |a 591.4  |b C689h 
100 1 |a Cole, F. J.  |q (Francis Joseph),  |d 1872-1959. 
245 1 2 |a A history of comparative anatomy, from Aristotle to the eighteenth century /  |c by F. J. Cole ... 
264 1 |a London :  |b Macmillan & co. ltd.,  |c 1944. 
300 |a viii, 524 pages :  |b illustrations (including facsimiles) ;  |c 23 cm. 
336 |a text  |b txt  |2 rdacontent 
337 |a unmediated  |b n  |2 rdamedia 
338 |a volume  |b nc  |2 rdacarrier 
500 |a "Biographical notes": pages 473-489. 
504 |a Bibliography: pages 490-507. 
650 0 |a Anatomy, Comparative  |x History. 
999 |a MARS 
999 f f |s 02a3b095-c39b-3bf9-b2b7-4abc20eb42a2  |i 66fabb6c-edd8-3f89-aa7c-299c33a4adc4  |t 0 
952 f f |p ric  |a Texas A&M University  |b Rellis Campus  |c Joint Library Facility  |d Remote Storage  |t 0  |e QL805 .C65  |h Library of Congress classification  |i unmediated -- volume  |m A14801006616 
998 f f |a QL805 .C65  |t 0  |l Remote Storage